000 00681nam a22001817a 4500
020 _qHard Cover.
082 _a621.3
100 _a Abrar, Ahmed Shami ; Uzair Bin Farooq ; Hammad Ur Rehman
245 _aWASTE HEAT RECOVERY via THERMOELECTRIC GENERATOR /
_cAhmed Abrar Shami ; Uzair Bin Farooq ; Hammad Ur Rehman
260 _aIslamabad :
_bSEECS - NUST,
_c2018.
300 _a54 p. : ill. ;
_c30cm.
563 _aHB
650 _aElectrical (Electronics) Engineering-Project Report.
700 _aDr. Salam Abdl Ghafoor.
_930896
856 _uhttp://10.250.8.41:8080/xmlui/handle/123456789/20703
942 _2ddc
_cPR
999 _c535945
_d535945